| 000 | 00478nam a2200205Ia 4500 | ||
|---|---|---|---|
| 001 | 13303 | ||
| 003 | GE_BSU | ||
| 008 | 181216s||||||||xx |||||||||||||| ||und|| | ||
| 020 | _a074931916X. | ||
| 040 | _cGE_BSU | ||
| 080 | _a821.111-32 | ||
| 100 | _aThomas,Leslie. | ||
| 245 | _aDangerous Davies and The Lonely Heart. | ||
| 260 | _aLondon. | ||
| 260 | _bArrow. | ||
| 260 | _c1998 | ||
| 300 | _a323p;18cm. | ||
| 653 | _aDangerous Davies and The Lonely Heart. | ||
| 942 | _cBK | ||
| 999 |
_c46465 _d46465 |
||